<?xml version="1.0" encoding="UTF-8"?>
<record
    xmlns:xsi="http://www.w3.org/2001/XMLSchema-instance"
    xsi:schemaLocation="http://www.loc.gov/MARC21/slim http://www.loc.gov/standards/marcxml/schema/MARC21slim.xsd"
    xmlns="http://www.loc.gov/MARC21/slim">

  <leader>02052nam a2200313 c 4500</leader>
  <controlfield tag="001">a5961808</controlfield>
  <controlfield tag="003">SpMaBN</controlfield>
  <controlfield tag="005">20240813144802.0</controlfield>
  <controlfield tag="008">170511s2017    sp     | |||| 000 p spa  </controlfield>
  <datafield tag="015" ind1=" " ind2=" ">
    <subfield code="a">MON1801</subfield>
  </datafield>
  <datafield tag="017" ind1=" " ind2=" ">
    <subfield code="a">M 4756-2017</subfield>
    <subfield code="b">Oficina Dep&#xF3;sito Legal Madrid</subfield>
  </datafield>
  <datafield tag="020" ind1=" " ind2=" ">
    <subfield code="a">9788416775644</subfield>
  </datafield>
  <datafield tag="020" ind1=" " ind2=" ">
    <subfield code="a">9788415089551</subfield>
  </datafield>
  <datafield tag="040" ind1=" " ind2=" ">
    <subfield code="a">SpMaBN</subfield>
    <subfield code="b">spa</subfield>
    <subfield code="c">SpMaBN</subfield>
    <subfield code="e">rdc</subfield>
  </datafield>
  <datafield tag="041" ind1="1" ind2=" ">
    <subfield code="a">spa</subfield>
    <subfield code="h">ita</subfield>
  </datafield>
  <datafield tag="080" ind1=" " ind2=" ">
    <subfield code="a">808.81 A411 2018</subfield>
  </datafield>
  <datafield tag="100" ind1="1" ind2=" ">
    <subfield code="a">Alighieri, Dante</subfield>
    <subfield code="d">1265-1321</subfield>
  </datafield>
  <datafield tag="240" ind1=" " ind2=" ">
    <subfield code="a">La divina comedia</subfield>
    <subfield code="l">Espa&#xF1;ol</subfield>
  </datafield>
  <datafield tag="245" ind1="1" ind2="0">
    <subfield code="a">La divina comedia / </subfield>
    <subfield code="c">Dante Alighieri</subfield>
  </datafield>
  <datafield tag="250" ind1=" " ind2=" ">
    <subfield code="a">2&#xAA;. edici&#xF3;n </subfield>
  </datafield>
  <datafield tag="250" ind1=" " ind2=" ">
    <subfield code="a">7&#xAA;. edici&#xF3;n </subfield>
  </datafield>
  <datafield tag="260" ind1=" " ind2=" ">
    <subfield code="a">Madrid : </subfield>
    <subfield code="b">Mestas,</subfield>
    <subfield code="c">2018</subfield>
  </datafield>
  <datafield tag="300" ind1=" " ind2=" ">
    <subfield code="a">543 p&#xE1;ginas.</subfield>
  </datafield>
  <datafield tag="490" ind1=" " ind2=" ">
    <subfield code="a">Selecci&#xF3;n cl&#xE1;sicos universales</subfield>
  </datafield>
  <datafield tag="520" ind1=" " ind2=" ">
    <subfield code="a">La divina Comedia se considera una de las obras maestras de la literatura italiana y universal. Numerosos artistas de todos los tiempos crearon ilustraciones sobre ella; destacan entre ellas las de Botticelli, Gustave Dor&#xE9;, Dal&#xED;, William Adolphe Bouguereau y recientemente Miquel Barcel&#xF3;. Dante Alighieri la escribi&#xF3; en dialecto toscano, matriz del italiano actual el cual se us&#xF3; entre los siglos XI y XII. Caracter&#xED;sticas La divina Comedia es un poema donde se mezcla la vida real con la sobrenatural, muestra la lucha entre la nada y la inmortalidad, una lucha donde se superponen tres reinos, tres mundos, logrando una suma de m&#xFA;ltiples visuales que nunca se contradicen o se anulan. Los tres mundos infierno, purgatorio y para&#xED;so reflejan tres modos de ser de la humanidad, en ellos se reflejan el vicio, el pasaje del vicio a la virtud y la condici&#xF3;n de los hombres perfectos. Es entonces a trav&#xE9;s de los viciosos, penitentes y buenos que se revela la vida en todas sus formas, sus miserias y haza&#xF1;as, pero tambi&#xE9;n se muestra la vida que no es, la muerte, que tiene su propia vida, todo como una mezcla agraciada planteada por Dante, que se vuelve arquitecto de lo universal y de lo sublime.</subfield>
  </datafield>
  <datafield tag="650" ind1=" " ind2=" ">
    <subfield code="2">Sears</subfield>
    <subfield code="a">Poes&#xED;as &#xE9;picas</subfield>
  </datafield>
  <datafield tag="942" ind1=" " ind2=" ">
    <subfield code="2">ddc</subfield>
    <subfield code="c">BK</subfield>
    <subfield code="z">3</subfield>
  </datafield>
  <datafield tag="956" ind1=" " ind2=" ">
    <subfield code="a">2</subfield>
  </datafield>
  <datafield tag="999" ind1=" " ind2=" ">
    <subfield code="c">5647</subfield>
    <subfield code="d">5647</subfield>
  </datafield>
  <datafield tag="952" ind1=" " ind2=" ">
    <subfield code="0">0</subfield>
    <subfield code="1">0</subfield>
    <subfield code="2">ddc</subfield>
    <subfield code="4">0</subfield>
    <subfield code="7">0</subfield>
    <subfield code="8">CG</subfield>
    <subfield code="a">BJHA</subfield>
    <subfield code="b">BJHA</subfield>
    <subfield code="c">GEN</subfield>
    <subfield code="d">2019-11-12</subfield>
    <subfield code="i">19-02420</subfield>
    <subfield code="l">0</subfield>
    <subfield code="o">808.81 A411 2018</subfield>
    <subfield code="p">19-02420</subfield>
    <subfield code="r">2019-11-12 00:00:00</subfield>
    <subfield code="t">e.1</subfield>
    <subfield code="w">2019-11-12</subfield>
    <subfield code="y">BK</subfield>
  </datafield>
  <datafield tag="952" ind1=" " ind2=" ">
    <subfield code="0">0</subfield>
    <subfield code="1">0</subfield>
    <subfield code="2">ddc</subfield>
    <subfield code="4">0</subfield>
    <subfield code="7">0</subfield>
    <subfield code="8">CG</subfield>
    <subfield code="a">BJHA</subfield>
    <subfield code="b">BJHA</subfield>
    <subfield code="c">GEN</subfield>
    <subfield code="d">2024-08-13</subfield>
    <subfield code="i">23-03143</subfield>
    <subfield code="l">0</subfield>
    <subfield code="o">808.81 A411 2017</subfield>
    <subfield code="p">23-03143</subfield>
    <subfield code="r">2024-08-13 14:51:30</subfield>
    <subfield code="t">e.1</subfield>
    <subfield code="w">2024-08-13</subfield>
    <subfield code="y">BK</subfield>
  </datafield>
</record>
